00149nam a2200073Ia 4500008004100000041000800041100001600049245001000065250605s9999 xx 000 0 und d aeng aMukul Singh aSminq